Les prénoms de la Comédie Humaine de Balzac 1 - Statistiques

Statistiques générales
  • Ce quiz a été pris 34 fois
  • Le résultat moyen est 23 sur 125
Statistiques - réponses
Initiale Nom Prénom % Correct
E de RASTIGNAC Eugène
77%
E GRANDET Eugénie
69%
L CHARDON de RUBEMPRE Lucien
62%
L CHARDON Lucien
62%
C BIROTTEAU César
54%
p KELLER Paul
54%
P de MANERVILLE Paul
54%
Ch de VANDENESSE Charles
50%
Ch GRANDET Charles
50%
Ch RABOURDIN Charles
50%
Ch KELLER Charles
50%
F de VANDENESSE Félix
46%
f GRANDET Félix
46%
F GAUDISSART Félix
46%
H de MARSAY Henri
46%
J COLLIN Jacques
46%
A SAVARUS Albert
42%
F BIROTTEAU François
42%
J d'ESPARD Jeanne
42%
R de VALENTIN Raphaël
42%
C de MEDICIS Catherine
38%
E BLONDET Emile
38%
J-J BIXIOU Jean-Jacques
38%
J d'AIGLEMONT Julie
38%
L LAMBERT Louis
38%
Ph BRIDAU Philippe
38%
D de NUCIGEN Delphine
35%
M de TRAILLES Maxime
35%
P GAUDIN de WITSCHNAU Pauline
35%
V d'AIGLEMONT Victor
35%
V HULOT d'EVRY Victor
35%
X RABOURDIN Xavier
35%
D SECHARD David
31%
E LOUSTEAU Etienne
31%
J-B d'ALDRIGGER Jean-Baptiste
31%
J BRIDAU Joseph
31%
J DESMARETS Jules
31%
A de RESTAUD Anastasie
27%
M CHRESTIEN Michel
27%
A de MAULINCOUR Auguste
23%
D de MAUFRIGNEUSE Diane
23%
L GIRAUD Léon
23%
Th de SOMMERVEUX Théodore
23%
A de LANGEAIS Antoinette
19%
A GRENVILLE Arthur
19%
C HERRERA Carlos
19%
D d'ARTHEZ Daniel
19%
E de FONTAINE Emilie
19%
E GOBSECK Esther
19%
H BLANCHON Horace
19%
M-L NEGREPELISSE Marie-Louise
19%
R NATHAN Raoul
19%
S PONS Sylvain
19%
V MARNEFFE Valérie
19%
E SECHARD Eve
15%
H HULOT d'EVRY Hector
15%
A CAMUSOT Amélie
12%
A de MONTRIVEAU Armand
12%
C de BOURGOGNE Claire
12%
F du TILLET Ferdinand
12%
F BRAZIER Flore
12%
J-F TAILLEFER Jean-Frédéric
12%
J-J GORIOT Jean-Joachim
12%
L de CINQ-CYGNE Laurence
12%
O de CAMPS Octave
12%
O de BAUVAN Octave
12%
R de GRANVILLE Roger
12%
B CLAES Balthazar
8%
C BELLEFEUILLE Caroline
8%
Ch LECAMUS Christophe
8%
C DESMARETS Clémence
8%
C BIROTTEAU Constance
8%
E FISCHER Elisabeth
8%
E de RESTAUD Ernest
8%
E de LA BRIERE Ernest
8%
F VERNOU Félicien
8%
F des TOUCHES Félicité
8%
J COLLIN Jacqueline
8%
J-J POPINOT Jean-Jules
8%
S du CHATELET Sixte
8%
A FISCHER Adeline
4%
A KELLER Adolphe
4%
A BRIDAU Agathe
4%
A de MACUMER Armande
4%
B de CASTERAN Béatrix
4%
C CREVEL Célestin
4%
C RABOURDIN Célestine
4%
F BAUPRE Fanny
4%
H SCHINNER Hippolyte
4%
H de BAUVAN Honorine
4%
H CHABERT Hyacinthe
4%
J-J CARDOT Jean-Jérôme
4%
M de CANALIS Melchior
4%
M MIGNON de LA BASTIE Modeste
4%
N de MANERVILLE Natalie
4%
P SERVIEN Prudence
4%
R de WATTEVILLE Rosalie
4%
V d'ESCRIGNON Victurnien
4%
V de TROISVILLE Virginie
4%
W STEINBOCK Wenceslas
4%
W SCHMUCKE Wilhelm
4%
A FINOT Andoche
0%
A POPINOT Anselme
0%
B PIOMBO Bartoloméo
0%
B-H de MORTSAUF Blanche-Henriette
0%
B CRUCHOT Bonfons
0%
C-M MICHONEAU Christine-Michelle
0%
C-L de RONQUEROLLES Clara-Léontine
0%
C-F de GRANDLIEU Clotilde-Frédérique
0%
D de LA BAUDRAYE Dinah
0%
G CONTI Gennaro
0%
G de BEAUDENORD Godefroid
0%
G BOURIGNARD Gratien
0%
H STEINBOCK Hortense
0%
J-E VAN GOBSECK Jean-Esther
0%
J CADINE Jenny
0%
M-E PORREBERIL Marguerite-Euphémia
0%
M-A de VANDENESSE Marie-Angélique
0%
M-E du TILLET Marie-Eugénie
0%
M-N de VERNEUIL Marie-Nathalie
0%
R CORMON Rose
0%
R FERRAUD Rose
0%
S de PORTENDUERE Savinien
0%
Th PAZ Thaddée
0%
Th ADOLPHUS Théodora
0%
Aucun quiz correspondant
Distribution des résultats
% des personnes avec chaque résultat
Percentile par nombre de réponses
Votre historique - résultats
Vous n’avez pas pris ce quiz